MDQL
is popping MORE tags! Check the
thread
!
Quizzes
Events
Quiz Creation
Community
Videos
Private Events
Remove Ads
Sign In
Join for FREE
Feedback
Dark Mode
Quiz Categories
Sports
Geography
Music
Movies
Television
Just For Fun
Miscellaneous
History
Literature
Language
Science
Gaming
Entertainment
Religion
Holiday
For Kids
Quiz Lab
Recent
Popular Today
Quiz Kudos Today
Editor Picks
Curator Picks
Quizzes by...
Day
Popularity
Type
Ratings
Length
Year
Community
Subscriptions
Recent Discussions
Orange Saloon
Badges
Playlists
Quests
Create
Leaderboards
Showdown
Live 5
Trivia Bingo
Activity
Puzzle Library
Sporcle Events
Private Events
Virtual Trivia
Globe League
Become a Host
Pub Owners
SporcleCon
Opinionation
Our Games
Videos
Blog
Mobile Apps
Partnerships
Remove Ads and Go Orange
Feedback
Sports
Athletes
MLB
NBA
NHL
NFL
Soccer
Sports Teams
WWE
NCAA
Football
Premier League
Basketball
Baseball
Hockey
Golf
Tennis
Cricket
Rugby
Auto Racing
Olympics
World Cup
Sports
Athletes
MLB
NBA
NHL
NFL
Soccer
Sports Teams
WWE
NCAA
Football
Premier League
Basketball
Baseball
Hockey
Golf
Tennis
Cricket
Rugby
Auto Racing
Olympics
World Cup
Random Quiz
Search Sporcle
×
Quiz Lab
Quiz Lab
Sports
Rugby
Type in answers that appear in a list
Type in answers that appear in a list
Classic
Best Score? Go Orange.
Rugby Union Champions of the Noughties Stats
Can you name the Rugby Union Champions of the Noughties?
By
jovis255
15m
109 Questions
120 Plays
120 Plays
120 Plays
Comments
Comments
Give Quiz Kudos
Give Quiz Kudos
-
- Ratings
hide this ad
Replay
Link that replays current quiz
Next Quiz
Link to next quiz in quiz playlist
You Got
0%
They Got
Avg Score
77%
Avg Friend Score
Upgrade to see
Score Distribution
Jump to the score distribution portion of the page
Score
0/109
Timer
15:00
0
Plays Today
Team
% Correct
England
100%
England
100%
England
100%
England
100%
South Africa
99.2%
Australia
99.2%
Australia
99.2%
New Zealand
99.2%
New Zealand
99.2%
South Africa
99.2%
New Zealand
99.2%
New Zealand
99.2%
New Zealand
99.2%
New Zealand
99.2%
South Africa
99.2%
France
99.2%
France
99.2%
Wales
99.2%
France
99.2%
France
99.2%
Wales
99.2%
Ireland
98.3%
Munster
98.3%
Leinster
98.3%
Munster
98.3%
Leinster
98.3%
Munster
98.3%
Munster
98.3%
Leinster
98.3%
Leicester
96.7%
Leicester
96.7%
Leicester & Gloucester
96.7%
Leicester
96.7%
Leicester
96.7%
Leicester
96.7%
Leicester
96.7%
Wasps
95.8%
Team
% Correct
Wasps
95.8%
Wasps
95.8%
Wasps
95.8%
Wasps
95.8%
Wasps
95.8%
Wasps
95.8%
Toulouse
92.5%
Toulouse
92.5%
Toulouse
92.5%
Toulouse
92.5%
Ulster
90.8%
Sale
90%
Northampton
90%
Sale
90%
Sale
90%
Northampton
90%
Northampton
90%
Ospreys
85.8%
Ospreys
85.8%
Crusaders
80.8%
Crusaders
80.8%
Blues
80.8%
Crusaders
80.8%
Crusaders
80.8%
Crusaders
80.8%
Bath
80%
Stade Francais
76.7%
Stade Francais
76.7%
Stade Francais
76.7%
Stade Francais
76.7%
Harlequins
75.8%
Harlequins
75.8%
Harlequins
75.8%
Toulon
75.8%
Toulon
75.8%
Scarlets
74.2%
Bristol
74.2%
Team
% Correct
Treviso
70.8%
Treviso
70.8%
Treviso
70.8%
Treviso
70.8%
Treviso
70.8%
Treviso
70.8%
Gloucester
67.5%
Worcester
67.5%
Brumbies
65.8%
Brumbies
65.8%
Bulls
65.8%
Bulls
65.8%
Leeds
65%
Leeds
65%
Leeds
65%
Clermont
64.2%
Biarritz
60%
Biarritz
60%
Biarritz
60%
Racing Métro
51.7%
Perpignan
50%
Montpellier
40%
Rotherham
37.5%
Rotherham (denied promotion due to ground regulations)
37.5%
Rotherham
37.5%
Viadana
35%
Pau
27.5%
Calvisano
22.5%
Calvisano
22.5%
Roma
19.2%
Montauban
12.5%
Montauban
12.5%
Auch
10.8%
Auch
10.8%
Mont de Marsan
9.2%
Quiz Playlist
Details
Report
Send in Message
Add To Playlist
Classic:
Type in answers that appear in a list
Last Updated: Feb 16, 2017
Quiz Scoreboard
CHALLENGE
Sign Up to Join the Scoreboard
Show All
Scores
Hide
Comments
May contain spoilers
Recently Published
Find the 'City' Movie
by crazypaving
Movies
60s
5x2 Blitz: Bands
by SL_Kpop136
Music
30s
Colored Red Africa Blitz
by spor1
Geography
30s
More to Explore
Quiz From the Vault
Featured Blog Post
14 Easter Pick-up Lines to Find Eggs With
hide this ad
You Might Also Like...
Tags
Rugby Quiz
champion
Naughty
Rugby Union
team
union
Won
Today's Top Quizzes in Sports
Browse Sports
hide this ad
Today's Top Quizzes in Rugby
Browse Rugby
Top Contributed Quizzes in Sports
1
Players with Multiple 50 Home Run Seasons
2
Who Needs Fielders?
3
Criteria MLB: Left Handed Sluggers
4
MLB Players with Two .350 Batting Average Seasons
5
Who Hit More Homers?
6
2020 F1 Drivers Logic Puzzle
7
NBA Teammate Connections
8
Premier League Clubs since 2000 (minefield)
9
MLB Teams by First Game
10
Top 10 NHL Goal Scorers of All Time
Explore More
Trending Topics
NBA
Kpop
Marvel
Harry Potter
Crossword
Anime
Disney
Country
WWE
The Office
Song
Pokémon
Puzzle
Soccer
NFL
hide this ad
More By:
jovis255
Quiz
Plays
Rating
Category
Featured
Created
Binary code 1-100
2,149
3.60
Just For Fun
Jul 1, 2010
Top 2 French Leagues 2009-2010
399
2.40
Sports
Jun 20, 2010
Highest Goalscorers Euro 2004
395
4.25
Sports
Jun 25, 2010
Rugby Teams in European Cups
353
5.00
Sports
Apr 29, 2011
Best and worst international football teams per continent
254
4.75
Sports
Aug 1, 2011
Go to Creator's Profile
Score Distribution
Quiz Creator Spotlight
jovis255
Follow
Send a Message
Quizzes Created
-
Created Quiz Play Count
-
More By This Creator
Popular Quizzes Today
1
Find the 'City' Movie
2
5x2 Blitz: Bands
3
Colored Red Africa Blitz
4
Find the US States - No Outlines Minefield
5
The Countries of the World
6
Find the US States
7
9x9 Crossword: Cartoon Network
8
US States
More Sports Quizzes
English First Division XIs 1986-87
Quiz Lab
Trending Quizzes
Colored Red Africa Blitz II
Colored Red Europe Blitz I
Colored Red Africa Blitz III
Colored Red Europe Blitz II
Colored Red Europe Blitz III
Recently Updated
Champions League XIs: Real Madrid
pecheneg
Largest US Cities 1790-2010
pecheneg
Rides in Walt Disney World
pecheneg
Most Oscar Losses (Acting)
pecheneg
Beyoncé Albums
pecheneg
Leaping Animals
pecheneg
Reality TV Shows (A-Z)
bhenderson79
Rickey Henderson's Hall of Fame Teammates
pecheneg
Champions League XIs: Arsenal
pecheneg
Quick Pick: Celebrities in WWE's Hall of Fame
aduchscher
Trending Topics
Marvel
Crossword
NBA
Harry Potter
Disney
Anime
Kpop
NFL
Pokémon
The Office
Country
Song
Puzzle
WWE
Soccer
Your Account Isn't Verified!
In order to create a playlist on Sporcle, you need to verify the email address you used during registration. Go to your
Sporcle Settings
to finish the process.
Report this User
Report this user for behavior that violates our
Community Guidelines
.
Details:
Send Report
Go to the Sporcle.com Mobile Site →
Comments